Normal view
MARC view
Entry Personal Name
001 - CONTROL NUMBER
- control field: 9502
003 - CONTROL NUMBER IDENTIFIER
- control field: OSt
005 - DATE AND TIME OF LATEST TRANSACTION
- control field: 20160621182427.0
008 - FIXED-LENGTH DATA ELEMENTS
- fixed length control field: 160621|| aca||aabn | a|a d
040 ## - CATALOGING SOURCE
- Original cataloging agency: OSt
- Transcribing agency: OSt
100 ## - HEADING--PERSONAL NAME
- Personal name: Edited by Maughan,R.J;
670 ## - SOURCE DATA FOUND
- Source citation: Work cat.: (OSt): Edited by Maughan,R.J;, Basic and Applied science for Sports Medicine., 1999.
